Central Library OPAC University of Rajshahi

Australian production at the crossroads / (Record no. 3000)

MARC details
000 -LEADER
fixed length control field 01214cam a2200253 a 4500
001 - CONTROL NUMBER
control field 3000
003 - CONTROL NUMBER IDENTIFIER
rucl marc code BD-RjUL
005 - DATE AND TIME OF LATEST TRANSACTION
control field 20211208233645.0
008 - FIXED-LENGTH DATA ELEMENTS--GENERAL INFORMATION
fixed length control field 131217s1952 xx 000 0 eng
035 ## - SYSTEM CONTROL NUMBER
System control number (BD-RjUL)3028
-- OCLC ocm04450797 from D970522M
040 ## - CATALOGING SOURCE
Original cataloging agency DLC
Transcribing agency CLE
Modifying agency OCL
-- UKM
-- EQO
-- BD-RjUL
Language of cataloging eng
041 ## - LANGUAGE CODE
Language code of text/sound track or separate title eng
082 ## - DEWEY DECIMAL CLASSIFICATION NUMBER
Classification number 338
Author mark and year AUS 1952
245 00 - TITLE STATEMENT
Title Australian production at the crossroads /
Statement of responsibility, etc. [Papers read at 18th summer school of the Australian Institute of Political Science, held at Canberra, A.C.T., 26th to 28th January 1952]
260 ## - PUBLICATION, DISTRIBUTION, ETC. (IMPRINT)
Place of publication, distribution, etc. Sydney :
Name of publisher, distributor, etc. Angus and Robertson,
Date of publication, distribution, etc. 1952.
300 ## - PHYSICAL DESCRIPTION
Pagination 154 p. :
Illustrations diagrs.
Size 19 cm.
505 0# - FORMATTED CONTENTS NOTE
Formatted contents note Introduction, by R. F. Holder.--Trends in Australian primary production, by S. M. Wadham.--Trends in secondary production, by J. Vernon.--Production policies and priorities, by E. R. Walker.--Factors determining the efficiency of Australian production, by Sir D. Copland.--Production trends and social problems, by H. E. Holt.
650 #0 - SUBJECT ADDED ENTRY--TOPICAL TERM
Topical term or geographic name as entry element Industries
Geographic subdivision Australia .
9 (RLIN) 9561
700 1# - ADDED ENTRY--PERSONAL NAME
Personal name Holder, R. F.
Fuller form of name (Reginald Frank)
710 2# - ADDED ENTRY--CORPORATE NAME
Corporate name or jurisdiction name as entry element Australian Institute of Political Science.
9 (RLIN) 9563
942 ## - ADDED ENTRY ELEMENTS (KOHA)
Source of classification or shelving scheme Dewey Decimal Classification
Koha item type Books
Holdings
Lost status Source of classification or shelving scheme Damaged status Not for loan Collection code Permanent Location Current Location Shelving location Date acquired Source of acquisition Total Checkouts Full call number Date last seen Copy number Koha item type
  Dewey Decimal Classification   Not For Loan Non-fiction Central Library, University of Rajshahi Central Library, University of Rajshahi Reading Room 17/03/1959 Colombo Plan   338 AUS 1952 17/12/2013 C-1 Books